000
00279nam a2200121Ia 4500
008
190216s9999||||xx |||||||||||||| ||und||
100
_a
Ayyappa Panicker K
245
4
_a
The Poet`S Eye
260
_b
S Chand & Co
_c
1987
300
_a
92p
650
_a
English Poetry
942
_c
BK
999
_c
13400
_d
13400